Bureaucracy, aristocracy and autocracy : the Prussian experience, 1660-1815.

Gorde:
Xehetasun bibliografikoak
Egile nagusia: Rosenberg, Hans, 1904-
Formatua: Liburua
Hizkuntza:English
Argitaratua: Camb., Mass. : Harvard U.P., 1958.
Saila:Harvard historical monographs ; 34
Gaiak:
LEADER 01158cam a22003251a 4500
001 c000279223
003 CARM
005 20080108190914.0
008 851211s1958 mau 000 0 eng d
010 |a 58003879 
015 |a GB58-10894 
019 1 |a 4174070  |z 45203717  |5 LACONCORD2021 
035 |a (OCoLC)885385  |5 LACONCORD2021 
040 |a NUN  |b eng  |c NUN  |d ABN-SNR 
042 |a premarc 
050 1 4 |a JN4431  |b .R76 1958 
082 0 4 |a 943.1 
082 0 4 |a 342.43 
100 1 |a Rosenberg, Hans,  |d 1904- 
245 1 0 |a Bureaucracy, aristocracy and autocracy :  |b the Prussian experience, 1660-1815. 
260 |a Camb., Mass. :  |b Harvard U.P.,  |c 1958. 
300 |a ix, 237 p. 
440 0 |a Harvard historical monographs ;  |v 34 
504 |a Bibliographical footnotes. 
650 0 |a Bureaucracy  |z Germany  |z Prussia. 
650 0 |a Civil service  |z Germany  |z Prussia. 
651 0 |a Prussia (Germany)  |x Politics and government. 
852 8 |b CARM  |h A1:AL17F0  |i B10458  |p 0462084  |f BK 
999 f f |i 3434eab6-fbea-57b0-82bd-900185f4053e  |s c43d4f51-aa9d-5cc4-b61f-c6e156aebc8c 
952 f f |p Can circulate  |a CAVAL  |b CAVAL  |c CAVAL  |d CARM 1 Store  |e B10458  |f A1:AL17F0  |h Other scheme  |i book  |m 0462084